000 00280nam a22001217a 4500
999 _c153244
_d153244
082 _a
_b
100 _aUdayabhanu Singh
245 _aSahithya adhyan ki dhrushtiya/
_cby Udayabhanu Singh.
260 _aNew Delhi:
_bNational,
_c
300 _a129p.
650 _a
942 _cBK